000
00204nam a22000977a 4500
999
_c
16255
_d
16255
003
OSt
008
200626b ||||| |||| 00| 0 eng d
100
_a
Soni
_9
4652
245
_a
College Chemistry
942
_c
BK